1013 1002 1862 1628 1879 1665 1208 1558 1289 1267 1626 2000 1686 1356 1463 1266 1754 1231 1612 1405 1790 1856 1997 1088 1969 1342 1528 1887 1667 1298 1113 1607 1833 1482 1697 1936 1958 1483 1204 1240 1928 1768 1924 1669 1898 1721 1532 1878 1166 1809 1247 1349 1535 1159 1403 1912 1982 1786 1334 1496 1422 1242 1545 1318 1481 1575 1872 1934 1756 1145 1492 1490 1737 1378 1731 1303 1091 1106 1667 1348 1551 1876 1846 1830 1902 1761 1032 1867 1527 1841 1119 1409 1689 1847 1940 1503 1116 1914 1187 BCNSPRNW ULIB Ver.6.0+V

เปลี่ยนเป็นภาษาไทย

Change to English
 แสดงรายละเอียดบรรณานุกรม
  กลับหน้าหลัก

Brief Record : Get Marc (ISO 2709) : E-mail record : QR code < ปิดหน้าต่าง
LEADER : 00000nam 2200000uu 4500
001    13399109593
003     ULIB
008    110324s2552||||th 000 0 tha d
060 04 WB340^bส691ค 2552
110 1  กระทรวงสาธารณสุข^bสำนักงานหลักประกันสุขภาพแห่งชาติ
245 10 คู่มือการเพิ่มความปลอดภัยในการใช้ยาและเลือด/^cสำนักงานหลักประกันสุขภาพแห่งชาติ
260    นนทบุรี :^bสำนักงานหลักประกันสุขภาพแห่งชาติ,^c2552
300    34 หน้า:^bภาพประกอบสี
650  7 การใช้ยา
650  7 การใช้เลือด
650  7 ความปลอดภัย
945    ^p0^l0^i026618
995    ทศพร
999 ^a ใช้งานได้ทุกระบบ
รายการนี้ยังไม่มีแท็ก
คุณยังไม่ได้ล็อกอิน คุณสามารถมีกิจกรรมร่วมกับเว็บไซต์ได้ แต่ต้องล็อกอินก่อน ::
  ล็อกอิน

รายการสื่อสารสนเทศ

ลำดับที่ ประเภท เลขเรียก/บาร์โค้ด สถานที่ สถานะ
- ไม่พบข้อมูล -

รายการใกล้เคียง
    หัวเรื่อง [การใช้ยา]
    หัวเรื่อง [ความปลอดภัย]

BibComment


ยังไม่เคยถูกคอมเมนท์

คอมเมนท์ทรัพยากรรายการนี้
  คอมเมนท์: คู่มือการเพิ่มควา..


 Copyright 2026. Bcnsprnw @Library